[Event "Stavanger Norway Chess"]
[Site "?"]
[Date "2023.05.30"]
[Round "1.1"]
[White "Caruana, Fabiano"]
[Black "Carlsen, Magnus"]
[Result "1-0"]
[WhiteElo "2764"]
[BlackElo "2853"]
[PlyCount "69"]
[EventDate "2023.05.??"]
[EventType "tourn"]
[EventRounds "9"]
[EventCountry "NOR"]

1. e4 e6 2. d4 d5 3. Nc3 Nf6 4. e5 Nfd7 5. f4 c5 6. Nf3 Nc6 7. Be3 a6 8. Ne2 Qb6 9. Qc1 Be7 10. c3 O-O 11. g3 f6 12. Bg2 cxd4 13. cxd4 Qa5+ 14. Nc3 Nb6 15. exf6 Bxf6 16. b3 Bd7 17. O-O Rac8 18. Qd2 Be7 19. Ne2 Qxd2 20. Bxd2 Rc7 21. Rac1 Rfc8 22. f5 Ba3 23. Rce1 Bb4 24. Bxb4 Nxb4 25. fxe6 Bxe6 26. Nf4 Bf5 27. Ne5 g6 28. g4 Be4 29. Bxe4 dxe4 30. a3 N4d5 31. Rxe4 Rc3 32. Nd7 Rxb3 33. Nxd5 Nxd5 34. Re5 Nc3 35. Nf6+ 1-0

[Event "FIDE Womens Grand Prix-IV 2022-23"]
[Site "Nicosia"]
[Date "2023.05.16"]
[Round "1.2"]
[White "Wagner, Dinara"]
[Black "Goryachkina, Aleksandra"]
[Result "1-0"]
[WhiteElo "2417"]
[BlackElo "2571"]
[PlyCount "161"]
[EventDate "2023.??.??"]

1. d4 Nf6 2. c4 e6 3. Nf3 d5 4. g3 dxc4 5. Bg2 a6 6. O-O Nc6 7. Nc3 Rb8 8. e4 Be7 9. d5 exd5 10. exd5 Nb4 11. Ne5 Bf5 12. Nxc4 O-O 13. a3 Nd3 14. Be3 Qd7 15. b4 Rfe8 16. h3 b5 17. Na5 Bd6 18. Bd4 Nb2 19. Qb3 Na4 20. Nc6 Ra8 21. Nxa4 bxa4 22. Qb2 Bf8 23. Bxf6 gxf6 24. Kh2 Bg7 25. Rad1 Bg6 26. Qa2 Qd6 27. Rfe1 Bh5 28. Rb1 Bg6 29. Rbd1 Bh5 30. Rc1 Bh6 31. f4 Bg6 32. Qc4 Bf8 33. Bf3 Bf5 34. Nd4 Rxe1 35. Rxe1 Bd7 36. Nc6 Kg7 37. h4 Kg8 38. Kg2 Kg7 39. Qc2 Re8 40. Rxe8 Bxe8 41. Qxa4 Bxc6 42. dxc6 Qd2+ 43. Kh3 Qd3 44. Bg2 Bd6 45. Kh2 f5 46. Qa5 Kf6 47. a4 h6 48. b5 axb5 49. axb5 Bc5 50. Qe1 Kg6 51. Qe8 Bf2 52. Qg8+ Kf6 53. Qh8+ Ke7 54. Qe5+ Kf8 55. Qh8+ Ke7 56. Qg7 h5 57. Qe5+ Kf8 58. Qh8+ Ke7 59. Qg7 Ke8 60. Qe5+ Kf8 61. Qh8+ Ke7 62. Qg7 Ke8 63. Qg5 Kf8 64. b6 Bxb6 65. Qxh5 Kg7 66. Qg5+ Kh7 67. Qh5+ Kg7 68. Qg5+ Kh7 69. Qf6 Kg8 70. h5 Bc5 71. h6 Bd4 72. Qd8+ Kh7 73. Qxc7 Kxh6 74. Qxf7 Bg1+ 75. Kh3 Bf2 76. Qg8 Qc2 77. Qg5+ Kh7 78. Qe7+ Kh6 79. c7 Qc3 80. Qg5+ Kh7 81. Qxf5+ 1-0

[Event "Nicosia WGP 2023"]
[Site "Nicosia CYP"]
[Date "2023.05.23"]
[Round "7.3"]
[White "Lagno, Kateryna"]
[Black "Wagner, Dinara"]
[Result "0-1"]
[WhiteElo "2558"]
[BlackElo "2417"]
[PlyCount "88"]
[EventDate "2023.05.16"]
[EventType "tourn"]
[EventRounds "9"]
[EventCountry "CYP"]
[EventCategory "10"]
[SourceTitle "The Week in Chess 1490"]
[Source "Mark Crowther"]
[SourceDate "2023.05.29"]
[SourceVersion "1"]
[SourceVersionDate "2023.05.29"]
[SourceQuality "2"]

1. e4 c5 2. Nf3 Nc6 3. Bb5 e6 4. O-O Nge7 5. Re1 b6 6. c3 a6 7. Ba4 c4 8. d4 cxd3 9. Qxd3 Qc7 10. Nbd2 Ng6 11. Nf1 Be7 12. Be3 Bb7 13. Rad1 Rd8 14. Ng3 O-O 15. Bc2 b5 16. Qe2 Nf4 17. Qd2 Ng6 18. Qe2 Nf4 19. Qd2 Ng6 20. Bg5 f6 21. Be3 Na5 22. Qe2 Nc4 23. Bc1 Nf4 24. Qf1 Na5 25. Ne2 Ng6 26. a3 Rfe8 27. Nfd4 Bf8 28. f4 e5 29. fxe5 Qxe5 30. Nf4 Bd6 31. Nf3 Qc5+ 32. Be3 Qc7 33. Nxg6 hxg6 34. e5 fxe5 35. Bxg6 Rf8 36. Qd3 Nc4 37. Bh7+ Kh8 38. Nh4 Rf6 39. Bg5 Qc5+ 40. Be3 Nxe3 41. Rxe3 e4 42. Bxe4 Bxe4 43. Qxe4 Re6 44. Ng6+ Kg8 0-1

[Event "FIDE Womens Grand Prix-IV 2022-23"]
[Site "Nicosia"]
[Date "2023.05.16"]
[Round "1.1"]
[White "Dronavalli, Harika"]
[Black "Assaubayeva, Bibisara"]
[Result "1-0"]
[WhiteElo "2501"]
[BlackElo "2464"]
[PlyCount "97"]
[EventDate "2023.??.??"]

1. c4 g6 2. g3 Bg7 3. Bg2 d6 4. Nc3 Nf6 5. d4 O-O 6. h3 e5 7. Nf3 Nc6 8. Be3 Bd7 9. dxe5 dxe5 10. Rc1 Be6 11. Qxd8 Rfxd8 12. b3 h6 13. O-O Ne8 14. Nd2 f5 15. Bxc6 bxc6 16. f4 exf4 17. gxf4 Bxc3 18. Rxc3 Nf6 19. Nf3 Ne4 20. Rd3 Bf7 21. Rfd1 Rd6 22. Bd4 Rad8 23. Be5 Rxd3 24. Rxd3 Rxd3 25. exd3 Nc5 26. d4 Ne6 27. h4 Kf8 28. Kf2 Ke7 29. Ke3 Kd7 30. Bf6 Be8 31. Ne5+ Kc8 32. Be7 Nd8 33. Bf8 h5 34. Be7 Ne6 35. d5 cxd5 36. cxd5 Nd8 37. Bxd8 Kxd8 38. Kd4 a6 39. Kc5 Ke7 40. a4 Kf6 41. Nf3 Ke7 42. Ne5 Kf6 43. d6 cxd6+ 44. Kxd6 Bf7 45. b4 Be8 46. b5 axb5 47. a5 b4 48. a6 b3 49. Nd3 1-0

[Event "II.Rudolf Teschner Memorial 2023"]
[Site "Berlin"]
[Date "2023.05.20"]
[Round "6.1"]
[White "Florstedt, Johannes"]
[Black "Richter, Michael"]
[Result "1-0"]
[WhiteElo "2341"]
[BlackElo "2450"]
[PlyCount "49"]
[EventDate "2023.??.??"]

1. e4 e6 2. d4 d5 3. e5 c5 4. c3 Nc6 5. Nf3 Qb6 6. Bd3 cxd4 7. O-O Bd7 8. Re1 h6 9. h4 g5 10. hxg5 hxg5 11. Nxg5 Bg7 12. Bf4 Qxb2 13. Nd2 dxc3 14. Rb1 Qa3 15. Ndf3 Nb4 16. Nd4 Ne7 17. Nb5 Bxb5 18. Bxb5+ Nec6 19. Qg4 Bf8 20. Nxe6 fxe6 21. Qxe6+ Kd8 22. Bxc6 bxc6 23. Qf6+ Kc7 24. Qxh8 c2 25. Qh7+ 1-0

[Event "1st Munich Pfingst-Open A"]
[Site "Munich GER"]
[Date "2023.06.05"]
[Round "7.2"]
[White "Motylev, A.."]
[Black "Sorensen, Hampus"]
[Result "1-0"]
[WhiteElo "2604"]
[BlackElo "2449"]
[PlyCount "75"]
[EventDate "2023.05.31"]
[EventType "swiss"]
[EventRounds "9"]
[EventCountry "GER"]
[SourceTitle "The Week in Chess 1491"]
[Source "Mark Crowther"]
[SourceDate "2023.06.05"]
[SourceVersion "1"]
[SourceVersionDate "2023.06.05"]
[SourceQuality "2"]

1. e4 e5 2. Nf3 Nc6 3. Bc4 Bc5 4. d3 Nf6 5. c3 a6 6. Nbd2 O-O 7. O-O d6 8. Bb3 Ba7 9. h3 h6 10. Re1 Ne7 11. Nf1 Ng6 12. Ng3 c6 13. d4 exd4 14. cxd4 Re8 15. Bc2 c5 16. Be3 cxd4 17. Bxd4 Bxd4 18. Nxd4 d5 19. exd5 Rxe1+ 20. Qxe1 Qxd5 21. Rd1 Qc5 22. Ne4 Nxe4 23. Qxe4 Qe7 24. Qd5 Nf8 25. Bb3 g6 26. Rd3 Qe1+ 27. Kh2 Ne6 28. Qd6 a5 29. Qg3 Ra6 30. Re3 Qb1 31. Nxe6 Bxe6 32. Qb8+ Kg7 33. Qxb7 Bxb3 34. Qxa6 Qxa2 35. Qb6 a4 36. Qd4+ Kh7 37. Re8 g5 38. Qf6 1-0

[Event "1st Munich Pfingst-Open A"]
[Site "Munich GER"]
[Date "2023.06.03"]
[Round "4.1"]
[White "Sarana, A.."]
[Black "Vogel, Roven"]
[Result "1-0"]
[WhiteElo "2685"]
[BlackElo "2453"]
[PlyCount "49"]
[EventDate "2023.05.31"]
[EventType "swiss"]
[EventRounds "9"]
[EventCountry "GER"]
[SourceTitle "The Week in Chess 1491"]
[Source "Mark Crowther"]
[SourceDate "2023.06.05"]
[SourceVersion "1"]
[SourceVersionDate "2023.06.05"]
[SourceQuality "2"]

1. d4 Nf6 2. c4 e6 3. Nc3 Bb4 4. Qc2 d5 5. a3 Bxc3+ 6. Qxc3 h6 7. Bf4 Ne4 8. Qc2 Nc6 9. e3 g5 10. Bg3 h5 11. f3 Nxg3 12. hxg3 Qf6 13. Bd3 dxc4 14. Qxc4 e5 15. d5 Ne7 16. Qxc7 Nxd5 17. Qc5 Ne7 18. Ne2 h4 19. Nc3 Bd7 20. Ne4 Qg7 21. Bb5 Bxb5 22. Qxb5+ Kf8 23. Qxb7 Rc8 24. Rd1 Qg6 25. Rd6 {nebst Tf6 +-} 1-0

[Event "1st Munich Pfingst-Open A"]
[Site "Munich GER"]
[Date "2023.05.31"]
[Round "1.2"]
[White "Demchenko, A.."]
[Black "Senthil, Maran K"]
[Result "1-0"]
[WhiteElo "2623"]
[BlackElo "2135"]
[PlyCount "55"]
[EventDate "2023.05.31"]
[EventType "swiss"]
[EventRounds "9"]
[EventCountry "GER"]
[SourceTitle "The Week in Chess 1491"]
[Source "Mark Crowther"]
[SourceDate "2023.06.05"]
[SourceVersion "1"]
[SourceVersionDate "2023.06.05"]
[SourceQuality "2"]

1. e4 c5 2. Nc3 g6 3. d4 cxd4 4. Qxd4 Nf6 5. Be3 Bg7 6. Qd2 O-O 7. f3 Qa5 8. O-O-O b5 9. Kb1 b4 10. Nd5 Nxd5 11. exd5 Ba6 12. Ne2 Bc4 13. Nc1 Rc8 14. Bxc4 Rxc4 15. h4 Na6 16. Nb3 Qb5 17. Bd4 Bxd4 18. Nxd4 Qxd5 19. b3 Rcc8 20. h5 Qe5 21. hxg6 hxg6 22. f4 Qg7 23. f5 Nc7 24. fxg6 fxg6 25. Rh6 Rf8 26. Rdh1 Rf6 27. Nf3 e6 28. Rh7 1-0

[Event "1st Munich Pfingst-Open A"]
[Site "Munich GER"]
[Date "2023.06.05"]
[Round "8.1"]
[White "Feuerstack, A.."]
[Black "Sarana, A.."]
[Result "1-0"]
[WhiteElo "2462"]
[BlackElo "2685"]
[PlyCount "81"]
[EventDate "2023.05.31"]
[EventType "swiss"]
[EventRounds "9"]
[EventCountry "GER"]
[SourceTitle "The Week in Chess 1492"]
[Source "Mark Crowther"]
[SourceDate "2023.06.12"]
[SourceVersion "1"]
[SourceVersionDate "2023.06.12"]
[SourceQuality "2"]

1. e4 c5 2. c3 Nf6 3. e5 Nd5 4. Nf3 d6 5. Bb5+ Bd7 6. Bc4 Nb6 7. Bxf7+ Kxf7 8. e6+ Bxe6 9. Ng5+ Kg8 10. Nxe6 Qd7 11. Qe2 Kf7 12. Ng5+ Kg8 13. Ne6 Nc6 14. O-O Nd8 15. Nxd8 Rxd8 16. d4 cxd4 17. cxd4 g6 18. Nc3 Bg7 19. a4 d5 20. Bf4 Kf7 21. Rfe1 Rhe8 22. Nb5 Qf5 23. Ra3 Kg8 24. Rf3 e5 25. Bxe5 Qd7 26. b3 a6 27. Nc3 Rc8 28. a5 Na8 29. h4 Nc7 30. Na4 Qc6 31. Rc3 Qb5 32. Qc2 Bxe5 33. dxe5 Qxa5 34. b4 Qxb4 35. Rb1 Qxh4 36. Nb6 Rcd8 37. Rxc7 Rxe5 38. Qc3 Qe4 39. Rc1 Qf4 40. g3 Qf5 41. f4 1-0

[Event "1st Munich Pfingst-Open A"]
[Site "Munich GER"]
[Date "2023.06.03"]
[Round "4.9"]
[White "Berchtenbreiter, M.."]
[Black "Miller, Ed"]
[Result "1-0"]
[WhiteElo "2483"]
[BlackElo "2333"]
[PlyCount "67"]
[EventDate "2023.05.31"]
[EventType "swiss"]
[EventRounds "9"]
[EventCountry "GER"]
[SourceTitle "The Week in Chess 1491"]
[Source "Mark Crowther"]
[SourceDate "2023.06.05"]
[SourceVersion "1"]
[SourceVersionDate "2023.06.05"]
[SourceQuality "2"]

1. g3 Nf6 2. c3 g6 3. a4 a5 4. Bg2 Bg7 5. e4 e5 6. d4 Nc6 7. dxe5 Nxe5 8. f4 Nc6 9. e5 Ng8 10. Na3 Nge7 11. Nf3 O-O 12. O-O Nf5 13. Nb5 d6 14. g4 Nh4 15. Nxh4 Qxh4 16. h3 dxe5 17. Nxc7 Rb8 18. f5 Rd8 19. Qe2 Qe7 20. Nd5 Rxd5 21. f6 Bxf6 22. Bxd5 Be6 23. Qf3 Bxd5 24. Qxf6 Qxf6 25. Rxf6 Kg7 26. Rd6 Be6 27. b4 axb4 28. cxb4 Nxb4 29. Bb2 Kf6 30. Re1 Kg5 31. Rxe5+ Kh4 32. Kh2 Rc8 33. Rh5+ gxh5 34. Bf6# {matt} 1-0

[Event "1st Munich Pfingst-Open A"]
[Site "Munich GER"]
[Date "2023.06.05"]
[Round "7.5"]
[White "Jobava, Ba"]
[Black "Koellner, Ruben Gideon"]
[Result "0-1"]
[WhiteElo "2578"]
[BlackElo "2426"]
[PlyCount "44"]
[EventDate "2023.05.31"]
[EventType "swiss"]
[EventRounds "9"]
[EventCountry "GER"]
[SourceTitle "The Week in Chess 1491"]
[Source "Mark Crowther"]
[SourceDate "2023.06.05"]
[SourceVersion "1"]
[SourceVersionDate "2023.06.05"]
[SourceQuality "2"]

1. e4 d6 2. f4 e5 3. Nf3 Nf6 4. Nc3 exf4 5. d4 Nh5 6. Bc4 g6 7. g4 Bxg4 8. Rg1 Bxf3 9. Qxf3 Qh4+ 10. Kd1 Nc6 11. Ne2 Bh6 12. Bd2 Nf6 13. c3 Qh5 14. Qh1 Ng4 15. Kc2 Na5 16. Bxf7+ Kxf7 17. Nxf4 Bxf4 18. Raf1 Ne3+ 19. Bxe3 Qe2+ 20. Kb1 Qxe3 21. Rg3 Qe2 22. Rxf4+ Kg7 0-1

[Event "ECU Senior +65 2023"]
[Site "Acqui Terme ITA"]
[Date "2023.06.03"]
[Round "9.9"]
[White "Fischdick, G.."]
[Black "Kortis, Wim"]
[Result "1-0"]
[WhiteElo "2205"]
[BlackElo "2110"]
[PlyCount "51"]
[EventDate "2023.05.26"]
[EventType "swiss"]
[EventRounds "9"]
[EventCountry "ITA"]
[SourceTitle "The Week in Chess 1491"]
[Source "Mark Crowther"]
[SourceDate "2023.06.05"]
[SourceVersion "1"]
[SourceVersionDate "2023.06.05"]
[SourceQuality "2"]

1. d4 g6 2. c4 Bg7 3. Nc3 c5 4. d5 d6 5. e4 e6 6. Nf3 Ne7 7. Bd3 O-O 8. O-O exd5 9. cxd5 a6 10. a4 Bg4 11. h3 Bxf3 12. Qxf3 Nd7 13. Qd1 Qc7 14. a5 h6 15. Re1 Rae8 16. Bd2 Ne5 17. Bf1 f5 18. f4 Nd7 19. exf5 Nxf5 20. Bd3 Bd4+ 21. Kh2 Bf2 22. Rxe8 Rxe8 23. Qg4 Kf7 24. Bxf5 gxf5 25. Qh5+ Ke7 26. Qe2+ 1-0

[Event "Frauenbundesliga 2022-23"]
[Site "Germany GER"]
[Date "2023.04.30"]
[Round "10.5"]
[White "Buksa, N.."]
[Black "Injac, Teodora"]
[Result "1-0"]
[WhiteElo "2413"]
[BlackElo "2386"]
[PlyCount "115"]
[EventDate "2022.10.15"]
[EventType "team-tourn"]
[EventRounds "11"]
[EventCountry "GER"]
[SourceTitle "The Week in Chess 1486"]
[Source "Mark Crowther"]
[SourceDate "2023.05.01"]
[SourceVersion "1"]
[SourceVersionDate "2023.05.01"]
[SourceQuality "2"]
[WhiteTeam "SK Schwaebisch Hall"]
[BlackTeam "OSG Baden-Baden"]

1. e4 e5 2. Nf3 Nc6 3. Bc4 Bc5 4. O-O Nf6 5. d3 d6 6. c3 a5 7. Nbd2 h6 8. Re1 O-O 9. Nf1 a4 10. h3 Bb6 11. Bb5 a3 12. bxa3 Ne7 13. d4 Ng6 14. Ng3 d5 15. Nxe5 Nxe5 16. dxe5 Nxe4 17. Nxe4 dxe4 18. Be3 Bxe3 19. Rxe3 Be6 20. Qc2 Qd5 21. a4 Qxe5 22. Rxe4 Qg5 23. Re3 Rfd8 24. Rae1 c6 25. Bd3 Qa5 26. Qe2 Qxa4 27. Bb1 Rd6 28. c4 Qb4 29. Qc2 g6 30. Rxe6 Rxe6 31. Rxe6 fxe6 32. Qxg6+ Kf8 33. Qf6+ Ke8 34. Qxe6+ Qe7 35. Qg8+ Qf8 36. Qh7 Qe7 37. Qh8+ Qf8 38. Qh7 Qe7 39. Qxh6 Kd7 40. Bf5+ Kc7 41. Qd2 Qe5 42. Bg4 Rd8 43. Qb4 Rd4 44. Bf3 Qf4 45. Qa5+ Kb8 46. g3 Qc1+ 47. Kg2 Qxc4 48. h4 Qe6 49. Qg5 Rd6 50. a4 Ka7 51. h5 b6 52. g4 Ka6 53. Qf4 c5 54. h6 Qxh6 55. Qc4+ Ka7 56. Qf7+ Ka6 57. Qe8 Qg7 58. Qa8+ {und wegen} 1-0

[Event "Frauenbundesliga 2022-23"]
[Site "Germany GER"]
[Date "2023.04.30"]
[Round "10.5"]
[White "Heinemann, Josefine"]
[Black "Guichard, P.."]
[Result "0-1"]
[WhiteElo "2318"]
[BlackElo "2381"]
[PlyCount "104"]
[EventDate "2022.10.15"]
[EventType "team-tourn"]
[EventRounds "11"]
[EventCountry "GER"]
[SourceTitle "The Week in Chess 1486"]
[Source "Mark Crowther"]
[SourceDate "2023.05.01"]
[SourceVersion "1"]
[SourceVersionDate "2023.05.01"]
[SourceQuality "2"]
[WhiteTeam "OSG Baden-Baden"]
[BlackTeam "SK Schwaebisch Hall"]

1. e4 e5 2. Nf3 Nc6 3. Bb5 Nf6 4. O-O Nxe4 5. Re1 Nd6 6. Nxe5 Be7 7. Bf1 Nxe5 8. Rxe5 O-O 9. d4 Bf6 10. Re2 b6 11. Re1 Bb7 12. a4 Re8 13. Rxe8+ Qxe8 14. Bf4 Nf5 15. c3 c5 16. dxc5 bxc5 17. Nd2 d5 18. Qb3 Bc6 19. Nf3 Qe4 20. Bg5 Bxg5 21. Nxg5 Qf4 22. Nh3 Qe5 23. Bb5 Rb8 24. Qa3 Bxb5 25. axb5 Rxb5 26. Qxa7 h6 27. g3 g5 28. Kf1 Nd6 29. Re1 Ne4 30. Re2 Kg7 31. Qd7 Rb6 32. f3 Qf6 33. Kg2 Nd6 34. Qc7 Nf5 35. Qxc5 d4 36. cxd4 Nxd4 37. Rf2 Rc6 38. Qa7 Rc1 39. Qb7 Nc2 40. Re2 Ne1+ 41. Rxe1 Rxe1 42. Nf2 Re2 43. Qa7 Qxb2 44. Qc5 Qd2 45. Qb6 Qd5 46. h3 h5 47. Qb4 Qe5 48. Qb6 Rb2 49. Qa7 h4 50. gxh4 gxh4 51. Kf1 Rb1+ 52. Kg2 Qg3# 0-1

[Event "FB1 2223 SC 1957 Bad Königshofen  - SG"]
[Site "?"]
[Date "2023.04.30"]
[Round "10.4"]
[White "Wagner, Dinara"]
[Black "Bashylina, Luisa"]
[Result "1-0"]
[WhiteElo "2414"]
[BlackElo "2103"]
[PlyCount "75"]
[EventDate "2023.??.??"]

1. d4 Nf6 2. c4 g6 3. Nc3 d5 4. cxd5 Nxd5 5. e4 Nxc3 6. bxc3 Bg7 7. Nf3 c5 8. Bb5+ Nc6 9. O-O O-O 10. d5 Bxc3 11. Be3 Nd4 12. Nxd4 cxd4 13. Bxd4 Bxa1 14. Bxa1 Qb6 15. Bc4 Bd7 16. Qd2 Rac8 17. Bb3 Qc5 18. Bd4 Qd6 19. e5 Qa6 20. Qg5 Ba4 21. Qxe7 Rfe8 22. Qh4 Bxb3 23. axb3 Qd3 24. e6 Qf5 25. exf7+ Qxf7 26. Ba1 Rcd8 27. Qd4 Kf8 28. d6 Rd7 29. Rd1 b6 30. h3 Re6 31. Bb2 Ke8 32. Ba3 Kf8 33. Rd3 Re1+ 34. Kh2 Qg7 35. Rf3+ Ke8 36. Qc4 h6 37. Qc8+ Rd8 38. d7+ 1-0

[Event "FB1 2223 SV Hemer 1932 - SC 1957 Bad KÃ"]
[Site "?"]
[Date "2023.05.01"]
[Round "11.3"]
[White "Wagner, Dinara"]
[Black "Hess, Olena"]
[Result "1-0"]
[WhiteElo "2417"]
[BlackElo "2055"]
[PlyCount "47"]
[EventDate "2023.??.??"]

1. d4 d6 2. Nf3 Bg4 3. e4 Nf6 4. Nc3 e6 5. h3 Bh5 6. Qe2 c6 7. g4 Bg6 8. h4 h5 9. g5 Nfd7 10. d5 cxd5 11. exd5 e5 12. Bh3 Be7 13. Be3 a6 14. O-O-O Qc7 15. Nd2 b5 16. f4 Bxc2 17. Kxc2 b4 18. Qc4 Qxc4 19. Nxc4 bxc3 20. bxc3 f6 21. Rb1 exf4 22. Bxf4 Ne5 23. Bxe5 fxe5 24. Rb7 1-0

[Event "Paris GCT Rapid"]
[Site "Paris"]
[Date "2017.06.23"]
[Round "9"]
[White "Carlsen, Magnus"]
[Black "Bacrot, Etienne"]
[Result "1-0"]
[WhiteElo "2832"]
[BlackElo "2708"]
[PlyCount "73"]
[EventDate "2017.06.21"]
[EventType "tourn (rapid)"]
[EventRounds "9"]
[EventCountry "FRA"]
[EventCategory "22"]
[SourceTitle "CBM 179"]
[Source "ChessBase"]
[SourceDate "2017.07.12"]
[SourceVersion "1"]
[SourceVersionDate "2017.07.12"]
[SourceQuality "1"]

1. e4 e5 2. Nf3 Nc6 3. Bc4 Bc5 4. O-O Nf6 5. d3 d6 6. c3 a6 7. a4 O-O 8. Re1 h6 9. h3 Be6 10. Bxe6 fxe6 11. b4 Ba7 12. Nbd2 Ne7 13. Nf1 Ng6 14. Ra2 Nh5 15. Be3 Bxe3 16. Rxe3 Nhf4 17. d4 Qf6 18. Kh2 exd4 19. cxd4 e5 20. d5 c6 21. g3 cxd5 22. gxf4 d4 23. Rea3 Nxf4 24. Ne1 d5 25. Ng3 Rac8 26. Ng2 Kh8 27. Qg4 d3 28. Nxf4 exf4 29. Nh5 Qg5 30. Rxd3 dxe4 31. Rd6 Qxg4 32. hxg4 Rf7 33. Re6 Rcf8 34. Rd2 Kh7 35. Rdd6 e3 36. fxe3 f3 37. Nf4 1-0

[Event "chess.com SpeedChess Q2Sw"]
[Site "chess.com INT"]
[Date "2022.11.12"]
[Round "12"]
[White "Erdogdu, M.."]
[Black "Swiercz, D.."]
[Result "0-1"]
[WhiteElo "2413"]
[BlackElo "2646"]
[PlyCount "74"]
[EventDate "2022.11.12"]
[EventType "swiss (blitz)"]
[EventRounds "14"]
[SourceTitle "The Week in Chess 1462"]
[Source "Mark Crowther"]
[SourceDate "2022.11.14"]
[SourceVersion "1"]
[SourceVersionDate "2022.11.14"]
[SourceQuality "2"]

1. e4 e5 2. Nf3 Nc6 3. Bc4 Bc5 4. d3 Nf6 5. O-O d6 6. c3 a6 7. a4 h6 8. Nbd2 O-O 9. h3 Ba7 10. Re1 Be6 11. Bxe6 fxe6 12. b4 Ne7 13. Nb3 Ng6 14. Be3 Bxe3 15. Rxe3 Qe7 16. g3 Rf7 17. Kg2 Raf8 18. Ra2 Nd7 19. b5 Ra8 20. Qb1 Nf6 21. c4 a5 22. Rae2 Nd7 23. Qe1 b6 24. Qc3 Nf4+ 25. gxf4 exf4 26. d4 fxe3 27. Rxe3 Nf8 28. e5 Ng6 29. exd6 cxd6 30. c5 Nf4+ 31. Kh2 Nd5 32. Qd3 Nxe3 33. Qxe3 Raf8 34. Nbd2 dxc5 35. dxc5 Qxc5 36. Qxc5 bxc5 37. Kg3 Rf4 0-1

[Event "6th Sharjah Masters 2023"]
[Site "Sharjah UAE"]
[Date "2023.05.19"]
[Round "3.33"]
[White "Theodorou, Nikolas"]
[Black "Puranik, A.."]
[Result "1-0"]
[WhiteElo "2591"]
[BlackElo "2613"]
[PlyCount "77"]
[EventDate "2023.05.17"]
[EventType "swiss"]
[EventRounds "9"]
[EventCountry "UAE"]
[SourceTitle "The Week in Chess 1489"]
[Source "Mark Crowther"]
[SourceDate "2023.05.22"]
[SourceVersion "1"]
[SourceVersionDate "2023.05.22"]
[SourceQuality "2"]

1. e4 c5 2. Nf3 Nc6 3. d4 cxd4 4. Nxd4 Nf6 5. Nc3 e5 6. Ndb5 d6 7. Nd5 Nxd5 8. exd5 Ne7 9. c3 Nf5 10. a4 Be7 11. Bd3 O-O 12. O-O Nh4 13. Kh1 f5 14. f4 a6 15. Na3 Ng6 16. Nc4 Nxf4 17. Bxf4 exf4 18. a5 Bf6 19. Nb6 Rb8 20. Rxf4 Be5 21. Rf3 g6 22. Qc2 Bd7 23. Raf1 Qc7 24. b4 Rf7 25. c4 Bd4 26. g4 f4 27. Rxf4 Rxf4 28. Rxf4 Be5 29. Re4 Rf8 30. Qe2 Qd8 31. Nxd7 Qxd7 32. c5 Qa4 33. Kg2 Qd7 34. Bc4 Kh8 35. Rxe5 dxe5 36. Qxe5+ Qg7 37. Qxg7+ Kxg7 38. d6 Rf4 39. Bxa6 1-0

[Event "11th Norway Chess 2023"]
[Site "Stavanger NOR"]
[Date "2023.05.31"]
[Round "2.2"]
[White "Tari, A.."]
[Black "Abdusattorov, Nodirbek"]
[Result "0-1"]
[WhiteElo "2642"]
[BlackElo "2731"]
[PlyCount "92"]
[EventDate "2023.05.30"]
[EventType "tourn"]
[EventRounds "9"]
[EventCountry "NOR"]
[EventCategory "21"]
[SourceTitle "The Week in Chess 1491"]
[Source "Mark Crowther"]
[SourceDate "2023.06.05"]
[SourceVersion "1"]
[SourceVersionDate "2023.06.05"]
[SourceQuality "2"]

1. e4 c5 2. Nf3 Nc6 3. Bb5 d6 4. O-O Bd7 5. Re1 Nf6 6. h3 a6 7. Bf1 Rg8 8. d3 h6 9. b4 cxb4 10. a3 b3 11. c4 g5 12. Qxb3 g4 13. hxg4 Nxg4 14. d4 Qa5 15. Nc3 Bg7 16. e5 dxe5 17. Bd2 Qd8 18. d5 Nd4 19. Nxd4 exd4 20. Ne4 Be5 21. f4 Bh8 22. c5 Kf8 23. Rac1 d3 24. Bc3 e6 25. c6 Bxc3 26. Qxc3 Qh4 27. Qc5+ Kg7 28. Bxd3 Qh2+ 29. Kf1 Qxf4+ 30. Ke2 exd5 31. Rf1 Qe5 32. cxd7 Rad8 33. Qc3 dxe4 34. Bxe4 Rxd7 35. Rf4 Qxc3 36. Rxc3 Ne5 37. Rg3+ Ng6 38. Rfg4 Re8 39. Kf2 Re6 40. Bd3 a5 41. a4 b6 42. Kg1 Rd5 43. Bc4 Rd1+ 44. Kh2 Ree1 45. Rf3 h5 46. Rg5 h4 0-1

[Event "FIDE Womens Grand Prix-IV 2022-23"]
[Site "Nicosia"]
[Date "2023.05.23"]
[Round "7.5"]
[White "Mammadzada, Gunay"]
[Black "Goryachkina, Aleksandra"]
[Result "1/2-1/2"]
[WhiteElo "2449"]
[BlackElo "2571"]
[PlyCount "146"]
[EventDate "2023.??.??"]

1. d4 d5 2. c4 c6 3. Nf3 Nf6 4. Qb3 dxc4 5. Qxc4 Bf5 6. g3 e6 7. Bg2 Be7 8. O-O O-O 9. e3 Nbd7 10. Nc3 b5 11. Qe2 b4 12. Nb1 Rc8 13. Rd1 Qc7 14. Nbd2 c5 15. b3 cxd4 16. Nxd4 Bg4 17. f3 Bh5 18. Bb2 Bc5 19. Nc4 Bg6 20. Rac1 e5 21. Nb5 Qb8 22. Nbd6 Rc6 23. Bxe5 Nxe5 24. Nxe5 Bxe3+ 25. Qxe3 Rxd6 26. Nc6 Rxd1+ 27. Rxd1 Qc7 28. Qc5 Re8 29. Rd8 Rxd8 30. Ne7+ Qxe7 31. Qxe7 Rd1+ 32. Kf2 a5 33. Qc5 h5 34. Ke2 Rd5 35. Qc8+ Kh7 36. Qc7 Bd3+ 37. Ke1 Bg6 38. Bf1 Rf5 39. f4 Ne4 40. Qe7 Nc3 41. a4 Rd5 42. Bc4 Rd1+ 43. Kf2 Ne4+ 44. Kf3 f5 45. Qf8 Nf6 46. Ke2 Rh1 47. h4 Rh2+ 48. Ke1 Rh1+ 49. Kf2 Be8 50. Bd3 Ng4+ 51. Ke2 Rh2+ 52. Ke1 Rh1+ 53. Kd2 Rh2+ 54. Be2 Nf6 55. Ke3 Rg2 56. Qc5 Rxg3+ 57. Bf3 Bd7 58. Kf2 Rg4 59. Qc7 Rg6 60. Bxh5 Ne4+ 61. Ke3 Rg3+ 62. Kd4 Rxb3 63. Bf7 Rb1 64. Qd8 Nf6 65. h5 Be8 66. Bg6+ Bxg6 67. hxg6+ Kxg6 68. Qxa5 b3 69. Qb5 Ne4 70. Qe8+ Kh6 71. Qh8+ Kg6 72. Qe8+ Kh6 73. Qh8+ Kg6 1/2-1/2

[Event "56th Capablanca Mem Elite"]
[Site "Havana CUB"]
[Date "2023.05.04"]
[Round "2.3"]
[White "Almeida Quintana, O.."]
[Black "Bjerre, Jonas Buhl"]
[Result "0-1"]
[WhiteElo "2526"]
[BlackElo "2606"]
[PlyCount "72"]
[EventDate "2023.05.03"]
[EventType "tourn"]
[EventRounds "9"]
[EventCountry "CUB"]
[EventCategory "14"]
[SourceTitle "The Week in Chess 1487"]
[Source "Mark Crowther"]
[SourceDate "2023.05.08"]
[SourceVersion "1"]
[SourceVersionDate "2023.05.08"]
[SourceQuality "2"]

1. d4 Nf6 2. Bg5 d5 3. e3 c5 4. Bxf6 gxf6 5. dxc5 e6 6. c4 dxc4 7. Nd2 Nd7 8. c6 bxc6 9. Bxc4 f5 10. Ngf3 Bg7 11. Qc2 Rb8 12. Rb1 Qf6 13. O-O O-O 14. Nb3 Bb7 15. Rfd1 Rfd8 16. Be2 Ba8 17. Nfd2 c5 18. Bf3 c4 19. Nd4 Bxf3 20. N2xf3 Rdc8 21. Qa4 Nb6 22. Qxa7 Nd5 23. Qd7 Rd8 24. Qa4 c3 25. b4 Rdc8 26. Nc2 Qg6 27. b5 f4 28. exf4 Ra8 29. Qb3 Nxf4 30. Nfe1 Rc5 31. b6 Rf5 32. Kh1 Be5 33. b7 Rb8 34. Qb6 Rh5 35. g3 Qg4 36. Qe3 Qh3 0-1